[Event "Medellin de La Raza U2000 op"]
[Site "Medellin"]
[Date "2023.10.13"]
[Round "3"]
[White "Garrido Salgado, Juan Miguel"]
[Black "Bermudez Rojas, Alejandro"]
[Result "1/2-1/2"]
[WhiteElo "1405"]
[BlackElo "1243"]
[PlyCount "91"]
[EventDate "2023.10.12"]
[EventType "swiss"]
[EventRounds "9"]
[EventCountry "COL"]
[SourceTitle "Mega2024 Update 01"]
[Source "Chessbase"]
[SourceDate "2023.11.12"]
[SourceVersion "1"]
[SourceVersionDate "2023.11.12"]
[SourceQuality "1"]

1. d4 Nf6 2. Nf3 g6 3. e3 Bg7 4. Bd3 d6 5. Nbd2 0-0 6. 0-0 Nc6 7. a3 a5 8. b3 e5 9. Bb2 Ne8 10. Nc4 Qe7 11. dxe5 dxe5 12. Be4 Nd6 13. Bxc6 Nxc4 14. bxc4 bxc6 15. a4 c5 16. Qd5 Be6 17. Qe4 f5 18. Qc6 Bxc4 19. Rfd1 Rad8 20. Ba3 e4 21. Bxc5 Bxa1 22. Rxa1 Qd7 23. Qxd7 Rxd7 24. Bxf8 exf3 25. Bc5 fxg2 26. Kxg2 Rd2 27. c3 Kf7 28. Rb1 Bd3 29. Rb8 Ra2 30. Rc8 Be4+ 31. Kg3 c6 32. Rc7+ Kg8 33. Bd4 Rxa4 34. Kf4 Bd5 35. f3 Rc4 36. e4 Be6 37. exf5 Bxf5 38. Ke5 h5 39. Kd6 Kf8 40. Rxc6 Rxc6+ 41. Kxc6 Ke7 42. Kb5 Kd6 43. Kxa5 Kd5 44. h4 Kc4 45. Kb6 Bd3 46. Kc6 1/2-1/2